000 00993na a2200301 4500
001 24256
003 MIRAKIL
005 20181213155333.0
008 180903b tu 000 0
020 _a9789751626745
040 _aMilas
_btur
_cTR-AnCHP
041 _atur
082 _aATA 370.9561024
_bA64a 2014
090 _aATA 370.9561024 A64a 2014
100 _aArığ, Ayten sezer
245 _aAtatürk döneminde yabancı okullar (1923-1938)
_cAyten sezer Arığ
250 _a2. bs.
260 _aAnkara
_bTürk Tarih Kurumu
_c2014
300 _axiv, 198, [66] s.
_bres.; tbl.
_c23 sm.
440 _aAKDTYK Türk Tarih Kurumu yayınları
_vXVI. dizi-sa 831
504 _aKaynakça ve dizin var.
650 _aEğitim
_xTürkiye
_xyabancı etkisi
650 _aMisyonerler
_xTürkiye
_xsiyasi faliyetler
_yTarih
650 _aAzınlıklar
_xEğitim
_yTarih
_zTürkiye
650 _aYabancı okullar
_xTürkiye
_yTarih
650 _aEğitim
_xTürkiye
_xTarih
942 _2ddc
_cBKS
999 _c10772
_d10772